000
00227nam a2200085Ia 4500
008
120527s9999 xx 000 0 und d
100
_a
Hawawini & Namer
245
_a
Principles of money, banking and financial markets
942
_c
BK
999
_c
27107
_d
27107